| 000 | 00371nam a2200133Ia 4500 | ||
|---|---|---|---|
| 005 | 20260326235452.0 | ||
| 008 | 260326s9999||||xx |||||||||||||| ||und|| | ||
| 100 | _aBenévolo, Leonardo | ||
| 245 | 0 |
_aDiseño de la Ciudad 5 : _b El Arte y la Ciudad Contemporánea / _cLeonardo Benévolo |
|
| 260 | _bGustavo Gili | ||
| 300 | _a248 p. | ||
| 650 | _aARQUITECTURA | ||
| 942 | _cBK | ||
| 999 |
_c7809 _d7809 |
||